000 01418nam a2200361Ia 4500
001 ebr10654715
003 CaPaEBR
006 m u
007 cr cn|||||||||
008 100129s2010 nyua sb 001 0 eng d
010 _z 2010001183
020 _z1616680342 (softcover)
020 _z9781616680343 (softcover)
020 _z9781617617706
040 _aCaPaEBR
_cCaPaEBR
035 _a(OCoLC)670429463
050 1 4 _aTA418.9.N35
_bV35 2010eb
082 0 4 _a620/.5
_222
082 0 4 _a620/.5
_223
100 1 _aValerini, D.
245 1 0 _aZnO nanostructures deposited by laser ablation
_h[electronic resource] /
_cD. Valerini ... [et al.].
260 _aHauppauge, NY :
_bNova Science Publishers,
_cc2010.
300 _aviii, 70 p. :
_bill. (some col.).
490 0 _aNanotechnology science and technology
504 _aIncludes bibliographical references (p. [59]-63) and index.
533 _aElectronic reproduction.
_bPalo Alto, Calif. :
_cebrary,
_d2013.
_nAvailable via World Wide Web.
_nAccess may be limited to ebrary affiliated libraries.
650 0 _aNanostructured materials
_xDesign and construction.
650 0 _aPulsed laser deposition.
650 0 _aZinc oxide thin films.
655 7 _aElectronic books.
_2local
710 2 _aebrary, Inc.
856 4 0 _uhttp://site.ebrary.com/lib/rucke/Doc?id=10654715
_zAn electronic book accessible through the World Wide Web; click to view
999 _c76847
_d76847